[Event "POL-ch Blitz U18"]
[Site "Bydgoszcz"]
[Date "2023.08.31"]
[Round "10"]
[White "Musial, Igor"]
[Black "Grzebieniowski, Michal"]
[Result "1/2-1/2"]
[WhiteElo "1902"]
[BlackElo "1779"]
[PlyCount "72"]
[EventDate "2023.08.28"]
[EventType "swiss"]
[EventRounds "10"]
[EventCountry "POL"]
[SourceTitle "EXT 2024"]
[Source "ChessBase"]
[SourceDate "2023.10.10"]
[SourceVersion "1"]
[SourceVersionDate "2023.10.10"]
[SourceQuality "1"]

1. e4 c6 2. Nf3 d5 3. d3 e6 4. Nbd2 Nd7 5. g3 Be7 6. Bg2 dxe4 7. dxe4 Ngf6 8. 0-0 0-0 9. e5 Nd5 10. Ne4 Qc7 11. Nd6 Nxe5 12. Nxc8 Nxf3+ 13. Qxf3 Raxc8 14. c4 Nb6 15. Qb3 Bf6 16. Bf4 Qe7 17. Rac1 Rfd8 18. Rfd1 e5 19. Be3 Qc7 20. c5 Nd7 21. Bh3 Rb8 22. Rd2 Nf8 23. Rcd1 Be7 24. Kh1 Rxd2 25. Rxd2 Qa5 26. Qc4 Rd8 27. Rxd8 Qxd8 28. Qb3 Qd5+ 29. Bg2 Qxb3 30. axb3 a5 31. Bh3 Ne6 32. Bxe6 fxe6 33. Kg2 Kf7 34. Kf3 Kf6 35. Ke4 h6 36. f3 Bf8 1/2-1/2

[Event "POL-ch Rapid U18"]
[Site "Bydgoszcz"]
[Date "2023.08.30"]
[Round "11"]
[White "Musial, Igor"]
[Black "Dziewonski, Dariusz"]
[Result "1-0"]
[WhiteElo "1887"]
[BlackElo "1962"]
[PlyCount "107"]
[EventDate "2023.08.28"]
[EventType "swiss"]
[EventRounds "11"]
[EventCountry "POL"]
[SourceTitle "EXT 2024"]
[Source "ChessBase"]
[SourceDate "2023.10.10"]
[SourceVersion "1"]
[SourceVersionDate "2023.10.10"]
[SourceQuality "1"]

1. e4 e5 2. Nf3 Nc6 3. Bb5 a6 4. Ba4 Nf6 5. 0-0 b5 6. Bb3 Bc5 7. c3 d6 8. d4 Bb6 9. Be3 Bg4 10. dxe5 Nxe5 11. Bxb6 cxb6 12. Nbd2 0-0 13. h3 Bh5 14. Bc2 Nfd7 15. g4 Bg6 16. Nd4 Qh4 17. Kg2 h5 18. N2f3 Nxf3 19. Qxf3 Ne5 20. Qg3 Qxg3+ 21. Kxg3 hxg4 22. hxg4 Nc4 23. f4 Ne3 24. Rfe1 Nxc2 25. Nxc2 f6 26. Rad1 Rad8 27. Nb4 Rfe8 28. f5 Bf7 29. a3 a5 30. Nd5 Bxd5 31. Rxd5 Re5 32. Kf4 Rxd5 33. exd5 Rc8 34. Re6 b4 35. cxb4 axb4 36. Rxd6 bxa3 37. bxa3 Rc4+ 38. Kg3 Rc3+ 39. Kh4 Rxa3 40. Rxb6 Rd3 41. d6 Kh7 42. g5 Rd4+ 43. Kh5 fxg5 44. Kxg5 Rd5 45. Kf4 Kg8 46. Ke4 Rd1 47. Ke5 Re1+ 48. Kd5 Rd1+ 49. Ke6 Re1+ 50. Kd7 Kf7 51. Kc7 g5 52. fxg6+ Kg7 53. d7 Re7 54. Kc8 1-0

[Event "Ustron op-B"]
[Site "Ustron"]
[Date "2023.08.14"]
[Round "5"]
[White "Musial, Igor"]
[Black "Nowak, Filip"]
[Result "1-0"]
[WhiteElo "1902"]
[BlackElo "1927"]
[PlyCount "67"]
[EventDate "2023.08.11"]
[EventType "swiss"]
[EventRounds "9"]
[EventCountry "POL"]
[SourceTitle "CBM 215 Extra"]
[Source "ChessBase"]
[SourceDate "2023.09.30"]
[SourceVersion "1"]
[SourceVersionDate "2023.09.30"]
[SourceQuality "1"]

1. e4 e5 2. Nf3 Nc6 3. Bb5 a6 4. Ba4 Nf6 5. 0-0 Be7 6. Re1 b5 7. Bb3 d6 8. c3 0-0 9. h3 Nb8 10. d4 Nbd7 11. Nbd2 Bb7 12. Bc2 Re8 13. Nf1 Bf8 14. Ng3 g6 15. a4 c5 16. d5 c4 17. Bg5 h6 18. Be3 Nc5 19. Qd2 Kh7 20. Nh2 Qc7 21. Qe2 Bg7 22. Rf1 Nfd7 23. f4 exf4 24. Rxf4 Ne5 25. Raf1 Ncd3 26. Bxd3 cxd3 27. Qd1 Re7 28. Rh4 Rae8 29. Bxh6 Nc4 30. Bxg7+ Kxg7 31. Nf5+ gxf5 32. Qh5 Re6 33. dxe6 Rxe6 34. Qh8+ 1-0

[Event "POL-ch U16"]
[Site "Jastrzebia Gora"]
[Date "2023.??.??"]
[Round "4"]
[White "Madej, Marek"]
[Black "Musial, Igor"]
[Result "1/2-1/2"]
[WhiteElo "2052"]
[BlackElo "1825"]
[PlyCount "99"]
[EventDate "2023.03.11"]
[EventType "swiss"]
[EventRounds "9"]
[EventCountry "POL"]
[SourceTitle "CBM 213 Extra"]
[Source "ChessBase"]
[SourceDate "2023.05.31"]
[SourceVersion "1"]
[SourceVersionDate "2023.05.31"]
[SourceQuality "1"]

1. e4 c5 2. Nf3 d6 3. d4 cxd4 4. Nxd4 Nf6 5. Nc3 a6 6. h3 e5 7. Nb3 Be6 8. f4 exf4 9. Bxf4 Nc6 10. Qe2 Nd7 11. 0-0-0 Nce5 12. Nd5 Bxd5 13. exd5 Be7 14. g4 0-0 15. Nd4 Bg5 16. Qd2 Bxf4 17. Qxf4 Qa5 18. Kb1 Qxd5 19. Be2 Ng6 20. Qc1 Nde5 21. h4 Qe4 22. h5 Nf4 23. Nf5 h6 24. Bc4 Qxc4 25. Nxd6 Qb4 26. a3 Qa4 27. Rhe1 Nfd3 28. cxd3 Rad8 29. Nf5 Qb5 30. Qc3 f6 31. d4 Nc6 32. Re4 Rfe8 33. Rxe8+ Rxe8 34. Nd6 Qe2 35. Qb3+ Qe6 36. Qxe6+ Rxe6 37. Nxb7 Ne7 38. Nc5 Rd6 39. Kc2 f5 40. gxf5 Nxf5 41. Kc3 g6 42. Ne4 Re6 43. Nc5 Rd6 44. b4 gxh5 45. a4 h4 46. b5 axb5 47. axb5 h3 48. Ne4 Re6 49. Nf2 Rd6 50. Nxh3 1/2-1/2

[Event "POL-ch U16"]
[Site "Jastrzebia Gora"]
[Date "2023.??.??"]
[Round "6"]
[White "Musial, Igor"]
[Black "Malek, Jan"]
[Result "0-1"]
[WhiteElo "1825"]
[BlackElo "2389"]
[PlyCount "78"]
[EventDate "2023.03.11"]
[EventType "swiss"]
[EventRounds "9"]
[EventCountry "POL"]
[SourceTitle "CBM 213 Extra"]
[Source "ChessBase"]
[SourceDate "2023.05.31"]
[SourceVersion "1"]
[SourceVersionDate "2023.05.31"]
[SourceQuality "1"]

1. e4 e6 2. d4 d5 3. Nd2 Nf6 4. e5 Nfd7 5. Bd3 c5 6. c3 Nc6 7. Ngf3 Qb6 8. 0-0 cxd4 9. cxd4 a5 10. Qa4 Ndb8 11. Qb3 Qxb3 12. Nxb3 a4 13. Nbd2 Be7 14. Nb1 Nb4 15. Bb5+ Bd7 16. Nc3 Bxb5 17. Nxb5 Ra5 18. Nc3 N8c6 19. Be3 Kd7 20. Rfd1 Rc8 21. Rac1 Na7 22. a3 Nbc6 23. Ne1 Rb8 24. Nd3 Nc8 25. Na2 Nb6 26. Bd2 Rb5 27. Bb4 Nxd4 28. Nc3 Rxb4 29. axb4 Nb3 30. Rb1 Rc8 31. Na2 Rc4 32. b5 Nd4 33. Kf1 Kc7 34. Nc3 a3 35. Ne1 Nb3 36. Nd3 Na4 37. Nxa4 a2 38. Nc3 Rxc3 39. b6+ Kc6 0-1

[Event "POL-ch U16"]
[Site "Jastrzebia Gora"]
[Date "2023.??.??"]
[Round "8"]
[White "Pancewicz, Szymon"]
[Black "Musial, Igor"]
[Result "1-0"]
[WhiteElo "1909"]
[BlackElo "1825"]
[PlyCount "39"]
[EventDate "2023.03.11"]
[EventType "swiss"]
[EventRounds "9"]
[EventCountry "POL"]
[SourceTitle "CBM 213 Extra"]
[Source "ChessBase"]
[SourceDate "2023.05.31"]
[SourceVersion "1"]
[SourceVersionDate "2023.05.31"]
[SourceQuality "1"]

1. d4 Nf6 2. c4 g6 3. h4 Bg7 4. Nc3 d5 5. h5 c5 6. h6 Bf8 7. cxd5 Nxd5 8. e4 Nxc3 9. bxc3 cxd4 10. cxd4 e6 11. Nf3 Nc6 12. Bc4 Bb4+ 13. Ke2 0-0 14. Bb2 Be7 15. Qd2 Na5 16. Bd3 Bd7 17. Ne5 Nc6 18. Nxd7 Bb4 19. Qf4 Qxd7 20. Qf6 1-0

[Event "POL-chT U18 1st"]
[Site "Poland"]
[Date "2022.06.30"]
[Round "6.3"]
[White "Musial, Igor"]
[Black "Karwot, Marek"]
[Result "1-0"]
[WhiteElo "1829"]
[BlackElo "1412"]
[PlyCount "49"]
[EventDate "2022.06.25"]
[EventType "team-swiss"]
[EventRounds "9"]
[EventCountry "POL"]
[SourceTitle "EXT 2023"]
[Source "ChessBase"]
[SourceDate "2022.10.05"]
[SourceVersion "1"]
[SourceVersionDate "2022.10.05"]
[SourceQuality "1"]
[WhiteTeam "Czerwionka Leszczyny Skoczek"]
[BlackTeam "Ognisko Rydultowy"]
[WhiteTeamCountry "POL"]
[BlackTeamCountry "POL"]

1. e4 e6 2. d3 d5 3. Nd2 Nf6 4. Ngf3 c5 5. g3 Nc6 6. Bg2 Be7 7. 0-0 0-0 8. Re1 b6 9. e5 Nd7 10. Nf1 Qc7 11. Bf4 Qb7 12. h4 f6 13. exf6 Bxf6 14. Rxe6 Bxb2 15. Rb1 Bc3 16. Rb3 Bf6 17. c4 Ndb8 18. Rd6 d4 19. Ng5 Bxg5 20. hxg5 Rxf4 21. gxf4 Qc7 22. Qe2 Qxd6 23. Qe8+ Qf8 24. Bd5+ Kh8 25. Qxf8# 1-0

[Event "EU-ch Rapid"]
[Site "Katowice"]
[Date "2021.12.18"]
[Round "1"]
[White "Kuegel, Tobias"]
[Black "Musial, Igor"]
[Result "1-0"]
[WhiteElo "2280"]
[BlackElo "1796"]
[PlyCount "105"]
[EventDate "2021.12.18"]
[EventType "swiss (rapid)"]
[EventRounds "11"]
[EventCountry "POL"]
[SourceTitle "CBM 205 Extra"]
[Source "ChessBase"]
[SourceDate "2022.01.31"]
[SourceVersion "1"]
[SourceVersionDate "2022.01.31"]
[SourceQuality "1"]

1. e4 c5 2. c4 Nc6 3. Ne2 e5 4. d3 d6 5. Nbc3 g6 6. g3 Bg7 7. Bg2 Nge7 8. 0-0 0-0 9. Nd5 Be6 10. Rb1 f5 11. a3 Nd4 12. Nxd4 cxd4 13. Bg5 Bxd5 14. cxd5 h6 15. Bd2 Qb6 16. Qa4 Rac8 17. b4 a6 18. Rbc1 Qb5 19. Qxb5 axb5 20. Bh3 Kf7 21. f4 exf4 22. Bxf4 g5 23. Bxd6 Rxc1 24. Rxc1 fxe4 25. Be6+ Ke8 26. Rc7 Bf6 27. Rxb7 Ng6 28. Rb8+ Bd8 29. Bxf8 Nxf8 30. dxe4 Ke7 31. e5 Ng6 32. Rb7+ Kf8 33. Rb8 Ke7 34. d6+ Kxe6 35. Rxd8 Nxe5 36. Kf1 Nf7 37. Rb8 Nxd6 38. Rh8 Nf5 39. Ke2 Kd5 40. Kd3 Ke5 41. Rb8 Nd6 42. Rb6 Kd5 43. g4 Ke5 44. Rxd6 Kxd6 45. Kxd4 Ke6 46. Kc5 Ke5 47. Kxb5 Kf4 48. a4 Kxg4 49. a5 Kh3 50. a6 Kxh2 51. a7 g4 52. a8Q h5 53. Qh8 1-0

[Event "Poronin Tatra Limba op"]
[Site "Poronin"]
[Date "2021.05.25"]
[Round "5"]
[White "Zysko, Jan"]
[Black "Musial, Igor"]
[Result "1-0"]
[WhiteElo "2145"]
[BlackElo "1896"]
[PlyCount "139"]
[EventDate "2021.05.22"]
[EventType "swiss"]
[EventRounds "9"]
[EventCountry "POL"]
[SourceTitle "EXT 2022"]
[Source "ChessBase"]
[SourceDate "2021.10.06"]
[SourceVersion "1"]
[SourceVersionDate "2021.10.06"]
[SourceQuality "1"]

1. e4 c5 2. Nf3 Nc6 3. d4 cxd4 4. Nxd4 Nf6 5. Nc3 d6 6. Bg5 e6 7. Qd2 a6 8. 0-0-0 Bd7 9. f3 h6 10. Be3 h5 11. Kb1 b5 12. Nxc6 Bxc6 13. Bd3 Rc8 14. Bg5 Be7 15. h4 Qc7 16. Rhe1 b4 17. Ne2 a5 18. Nd4 Bd7 19. f4 Qb6 20. Nf3 a4 21. e5 Nd5 22. Bxe7 Nxe7 23. Be4 d5 24. f5 b3 25. cxb3 axb3 26. a3 Ba4 27. Bd3 Kd7 28. f6 gxf6 29. exf6 Nc6 30. Qf4 Bb5 31. Bf5 Qc5 32. Bh3 Qd6 33. Qe3 Kc7 34. Ng5 Rhf8 35. Qxb3 Bc4 36. Qc3 Rb8 37. Ne4 Qe5 38. Rc1 Bd3+ 39. Ka1 Qxc3 40. Nxc3 Kd6 41. Red1 Ne5 42. Na2 d4 43. g4 hxg4 44. Bf1 Rb3 45. Nb4 Rxb4 46. Bxd3 Nxd3 47. Rxd3 Ra4 48. b3 Rxa3+ 49. Kb2 Rfa8 50. Rxd4+ Ke5 51. Rxg4 Ra2+ 52. Kc3 Rc8+ 53. Rc4 Rxc4+ 54. Kxc4 Kxf6 55. Rh1 Ke7 56. h5 Kd6 57. h6 Ra8 58. h7 Rh8 59. Kd4 f6 60. Rh5 Kc6 61. Ke4 Kd6 62. Kf4 Ke7 63. Rb5 Kd6 64. Rb7 Kd5 65. Rd7+ Kc5 66. Kg4 Kb4 67. Rb7+ Kc3 68. Kh5 e5 69. Kg6 e4 70. Kxf6 1-0

[Event "Rubinstein Memorial-C 55th"]
[Site "Polanica Zdroj"]
[Date "2019.08.19"]
[Round "3"]
[White "Musial, Igor"]
[Black "Jaroszuk, Marcin"]
[Result "1-0"]
[WhiteElo "1717"]
[BlackElo "1496"]
[PlyCount "63"]
[EventDate "2019.08.17"]
[EventType "swiss"]
[EventRounds "9"]
[EventCountry "POL"]
[SourceTitle "EXT 2020"]
[Source "ChessBase"]
[SourceDate "2019.10.17"]
[SourceVersion "1"]
[SourceVersionDate "2019.10.17"]
[SourceQuality "1"]

1. e4 e5 2. Nf3 Nc6 3. Bb5 a6 4. Ba4 d6 5. 0-0 Bg4 6. h3 h5 7. d4 b5 8. Bb3 Nxd4 9. hxg4 hxg4 10. Ng5 Nh6 11. f4 Be7 12. Bxf7+ Nxf7 13. Nxf7 Kxf7 14. fxe5+ Nf3+ 15. gxf3 g3 16. f4 c6 17. Be3 Qc8 18. f5 dxe5 19. Qg4 Rh4 20. Qg6+ Kf8 21. Nd2 c5 22. Qxg3 Bf6 23. Bg5 Qd8 24. Qxh4 Bxg5 25. Qh8+ Kf7 26. Qxd8 Rxd8 27. Nf3 Be3+ 28. Kg2 Bf4 29. Rad1 Rh8 30. Rd7+ Ke8 31. Rfd1 Rh5 32. Rd8+ 1-0